| 000 | 00759cam a22002771 4500 | ||
|---|---|---|---|
| 001 | sa 65002214 | ||
| 003 | DLC | ||
| 005 | 20260227112115.0 | ||
| 008 | 890531s1962 pk b 000 0 urdr | ||
| 010 | _asa 65002214 | ||
| 035 | _a(OCoLC)19792040 | ||
| 040 |
_aDLC _cWaU _dDLC |
||
| 042 | _apremarc | ||
| 043 | _aa-pk--- | ||
| 050 | 0 | 0 |
_aDS461 _b.S23 1962 |
| 100 | 0 |
_aSaʻādat Yār K̲h̲ān, _d-1835. |
|
| 245 | 1 | 0 | _aAk̲h̲bār-i Rangīn. |
| 260 | _c1962. | ||
| 300 |
_a101 p. _c24 cm. |
||
| 440 | 0 |
_aPakistan Historical Society publication ; _vno. 29 |
|
| 500 | _aIn Urdu. | ||
| 500 | _aText partially vocalized. | ||
| 504 | _aBibliography: p. 94-101. | ||
| 651 | 0 |
_aMogul Empire _xHistory. |
|
| 700 | 1 |
_aHaq, S. Moinul _q(Syed Moinul), _d1901- |
|
| 999 |
_c62522 _d62522 |
||